[Event "GER-ch Seniors 22nd"]
[Site "Berlin"]
[Date "2010.08.24"]
[Round "9"]
[White "Prill, Gerhard"]
[Black "Budt, Karl Heinz"]
[Result "1-0"]
[WhiteElo "2044"]
[BlackElo "1981"]
[PlyCount "105"]
[EventDate "2010.08.16"]
[EventType "swiss"]
[EventRounds "9"]
[EventCountry "GER"]
[SourceTitle "CBM 138 Extra"]
[Source "ChessBase"]
[SourceDate "2010.10.29"]
[SourceVersion "1"]
[SourceVersionDate "2010.10.29"]
[SourceQuality "1"]

1. e4 c5 2. Nf3 e6 3. c4 Nc6 4. d4 cxd4 5. Nxd4 Nxd4 6. Qxd4 Ne7 7. Be3 Nc6 8. Qd2 Qc7 9. Nc3 a6 10. Be2 Bb4 11. 0-0 0-0 12. Rac1 b6 13. Rfd1 Ne5 14. a3 Bc5 15. Bf4 Bb7 16. b4 Be7 17. Bxe5 Qxe5 18. f4 Qc7 19. Qxd7 Rac8 20. e5 g5 21. Qxc7 Rxc7 22. f5 exf5 23. Nd5 Bxd5 24. cxd5 Rxc1 25. Rxc1 a5 26. d6 Bd8 27. Bd3 f4 28. Rc6 Re8 29. d7 Rf8 30. Kf1 Kg7 31. Ke2 h5 32. Kf3 Rg8 33. Ke4 Kf8 34. Kf5 Ke7 35. Bb5 Kf8 36. Rh6 h4 37. Rc6 Rg7 38. Bc4 Rg6 39. Rc8 Ke7 40. Bxf7 Rg7 41. e6 axb4 42. axb4 h3 43. gxh3 Rh7 44. Rc3 Rxf7+ 45. exf7 Kxf7 46. Rd3 b5 47. h4 gxh4 48. Kxf4 Bc7+ 49. Kf5 Ke7 50. h3 Kd8 51. Ke6 Bg3 52. Rc3 Bc7 53. Rxc7 1-0

[Event "GER-ch Seniors 22nd"]
[Site "Berlin"]
[Date "2010.08.22"]
[Round "7"]
[White "Badestein, Hartmut"]
[Black "Budt, Karl Heinz"]
[Result "1/2-1/2"]
[WhiteElo "2055"]
[BlackElo "1981"]
[PlyCount "162"]
[EventDate "2010.08.16"]
[EventType "swiss"]
[EventRounds "9"]
[EventCountry "GER"]
[SourceTitle "CBM 138 Extra"]
[Source "ChessBase"]
[SourceDate "2010.10.29"]
[SourceVersion "1"]
[SourceVersionDate "2010.10.29"]
[SourceQuality "1"]

1. e4 e6 2. d3 d5 3. Nd2 c5 4. Ngf3 Nf6 5. g3 Be7 6. Bg2 Nc6 7. 0-0 0-0 8. Re1 a5 9. e5 Ne8 10. Nf1 f5 11. exf6 Bxf6 12. h4 Nd6 13. Bg5 Nf7 14. Qd2 e5 15. Bxf6 gxf6 16. c4 d4 17. Qe2 Bf5 18. a3 Qd7 19. N3d2 Nd6 20. Bf3 Rae8 21. Bd5+ Kh8 22. Nb3 b6 23. Nfd2 Ne7 24. Bf3 Ng6 25. h5 Ne7 26. Ne4 Nxe4 27. Bxe4 Bxe4 28. Qxe4 Qf5 29. Qxf5 Nxf5 30. Nd2 Nd6 31. b4 axb4 32. axb4 Ra8 33. bxc5 bxc5 34. Nb3 e4 35. Nxc5 Rxa1 36. Rxa1 exd3 37. Nxd3 Nxc4 38. Nf4 Re8 39. Kg2 Ne5 40. Rd1 d3 41. Nxd3 Nxd3 42. Rxd3 Kg7 43. g4 Re7 44. Rd6 Ra7 45. Kg3 Rb7 46. Kh4 Ra7 47. Kg3 h6 48. Kf4 Kf7 49. Kf5 Ra5+ 50. Ke4 Re5+ 51. Kd4 Re7 52. Rd8 Ra7 53. Ke4 Kg7 54. Rc8 Kf7 55. f4 Re7+ 56. Kd5 Ra7 57. Kd6 Ra4 58. Rc7+ Kg8 59. f5 Rxg4 60. Ke6 Rg5 61. Kxf6 Rxh5 62. Rc8+ Kh7 63. Rc7+ Kg8 64. Rc5 Rh1 65. Rc2 Kh7 66. Re2 Rc1 67. Ke6 Kg7 68. Rg2+ Kh7 69. f6 Re1+ 70. Kf7 h5 71. Kf8 Re4 72. Rg7+ Kh6 73. Re7 Rf4 74. f7 Kg5 75. Kg8 h4 76. f8Q Rxf8+ 77. Kxf8 Kg4 78. Rh7 h3 79. Kf7 Kg3 80. Kf6 h2 81. Kf5 Kg2 1/2-1/2

[Event "GER-ch Seniors 22nd"]
[Site "Berlin"]
[Date "2010.08.21"]
[Round "6"]
[White "Budt, Karl Heinz"]
[Black "Reimer, Otto"]
[Result "1-0"]
[WhiteElo "1981"]
[BlackElo "1817"]
[PlyCount "92"]
[EventDate "2010.08.16"]
[EventType "swiss"]
[EventRounds "9"]
[EventCountry "GER"]
[SourceTitle "CBM 138 Extra"]
[Source "ChessBase"]
[SourceDate "2010.10.29"]
[SourceVersion "1"]
[SourceVersionDate "2010.10.29"]
[SourceQuality "1"]

1. d4 Nf6 2. c4 g6 3. Nc3 Bg7 4. e4 d6 5. Be2 0-0 6. Nf3 e5 7. Be3 Nc6 8. d5 Ne7 9. Nd2 Nd7 10. 0-0 f5 11. f3 f4 12. Bf2 g5 13. b4 a5 14. a3 b6 15. Rc1 Rf7 16. Nb5 axb4 17. axb4 Ng6 18. c5 Nf6 19. cxb6 cxb6 20. Nc4 Bf8 21. Nxb6 Rb8 22. Nxc8 Rxc8 23. Rxc8 Qxc8 24. Na7 Qd7 25. Nc6 h5 26. Qd3 g4 27. Ra1 g3 28. hxg3 fxg3 29. Bxg3 h4 30. Bh2 Qe8 31. Qb3 Kh7 32. Ra7 Bh6 33. Rxf7+ Qxf7 34. Qa3 Nh5 35. Kf1 Qf6 36. Qa7+ Ng7 37. b5 Qg5 38. Qa3 h3 39. g4 Qd2 40. Qb4 Qc1+ 41. Qe1 Qb2 42. Nd8 Bd2 43. Qd1 Bf4 44. Bxf4 Nxf4 45. Ne6 h2 46. Kf2 Nxe2 1-0

[Event "GER-ch Seniors 22nd"]
[Site "Berlin"]
[Date "2010.08.16"]
[Round "1"]
[White "Budt, Karl Heinz"]
[Black "Sube, Guenter"]
[Result "1-0"]
[WhiteElo "1981"]
[BlackElo "1624"]
[PlyCount "63"]
[EventDate "2010.08.16"]
[EventType "swiss"]
[EventRounds "9"]
[EventCountry "GER"]
[SourceTitle "CBM 138 Extra"]
[Source "ChessBase"]
[SourceDate "2010.10.29"]
[SourceVersion "1"]
[SourceVersionDate "2010.10.29"]
[SourceQuality "1"]

1. d4 Nf6 2. c4 e6 3. Nf3 b6 4. g3 Bb7 5. Bg2 Be7 6. 0-0 d6 7. Nc3 Nbd7 8. d5 e5 9. e4 h6 10. Nh4 Bc8 11. Nf5 Bf8 12. Bd2 g6 13. Ne3 h5 14. b4 Bh6 15. Nc2 Bxd2 16. Qxd2 a6 17. f4 exf4 18. gxf4 Nh7 19. Nd4 0-0 20. Nc6 Qh4 21. f5 Bb7 22. Rf4 Qg5 23. h4 Qh6 24. fxg6 Bxc6 25. gxh7+ Kxh7 26. dxc6 Ne5 27. Raf1 Rg8 28. Nd5 Rg6 29. Rxf7+ Nxf7 30. Rxf7+ Kg8 31. Qxh6 Rxh6 32. Re7 1-0

[Event "Bad Bertrich Seniors op 17th"]
[Site "Bad Bertrich"]
[Date "2009.12.12"]
[Round "9"]
[White "Budt, Karl Heinz"]
[Black "Gerl, Hans Peter"]
[Result "1-0"]
[WhiteElo "1995"]
[BlackElo "1913"]
[PlyCount "139"]
[EventDate "2009.12.04"]
[EventType "swiss"]
[EventRounds "9"]
[EventCountry "GER"]
[SourceTitle "EXT 2022"]
[Source "ChessBase"]
[SourceDate "2021.10.06"]
[SourceVersion "1"]
[SourceVersionDate "2021.10.06"]
[SourceQuality "1"]

1. d4 Nf6 2. c4 e6 3. Nf3 b6 4. g3 Bb7 5. Bg2 Be7 6. 0-0 0-0 7. Nc3 Ne4 8. Qc2 Nxc3 9. Qxc3 d6 10. b3 Nd7 11. Bb2 Bf6 12. Qc2 g6 13. e4 Qe7 14. Rfe1 c5 15. e5 dxe5 16. dxe5 Bg7 17. Rad1 Rad8 18. Nd2 Bxg2 19. Kxg2 Nb8 20. Ne4 Nc6 21. Nf6+ Kh8 22. Qe4 Nd4 23. Bxd4 cxd4 24. Rxd4 Bxf6 25. exf6 Qxf6 26. Red1 Qe7 27. Qd3 Rxd4 28. Qxd4+ Kg8 29. Qd7 Qa3 30. Rd2 Qb4 31. Qd6 Qc3 32. Qd4 Qb4 33. h4 h5 34. Qe3 Qe7 35. Qg5 Re8 36. Qxe7 Rxe7 37. Rd8+ Kg7 38. Kf3 Kf6 39. Ke4 Rc7 40. Kd4 Ke7 41. Ra8 Rd7+ 42. Kc3 Kf6 43. b4 Kf5 44. c5 bxc5 45. bxc5 Ke4 46. Kc4 Kf3 47. c6 Rd1 48. Rxa7 Kxf2 49. Rxf7+ Kxg3 50. a4 e5 51. a5 e4 52. a6 e3 53. Re7 Kf2 54. c7 e2 55. Rxe2+ Kxe2 56. a7 Rc1+ 57. Kd4 Rxc7 58. a8Q Rd7+ 59. Kc5 Kf2 60. Qa2+ Kg3 61. Qb3+ Kf2 62. Qb6 Kg3 63. Qb3+ Kf2 64. Qe6 Rd3 65. Qxg6 Rc3+ 66. Kd4 Rf3 67. Qxh5 Rf4+ 68. Ke5 Kg3 69. Qg6+ Rg4 70. h5 1-0

[Event "Bad Bertrich Seniors op 17th"]
[Site "Bad Bertrich"]
[Date "2009.12.08"]
[Round "5"]
[White "Biebinger, Gerhard"]
[Black "Budt, Karl Heinz"]
[Result "1-0"]
[WhiteElo "2193"]
[BlackElo "1995"]
[PlyCount "51"]
[EventDate "2009.12.04"]
[EventType "swiss"]
[EventRounds "9"]
[EventCountry "GER"]
[SourceTitle "EXT 2022"]
[Source "ChessBase"]
[SourceDate "2021.10.06"]
[SourceVersion "1"]
[SourceVersionDate "2021.10.06"]
[SourceQuality "1"]

1. c4 e6 2. Nf3 Nf6 3. g3 b6 4. Bg2 Bb7 5. 0-0 Be7 6. Nc3 0-0 7. Re1 d5 8. cxd5 Nxd5 9. e4 Nxc3 10. bxc3 c5 11. d4 cxd4 12. cxd4 Bb4 13. Bd2 Bxd2 14. Qxd2 Nc6 15. d5 exd5 16. exd5 Na5 17. Rad1 Nc4 18. Qd4 Nd6 19. Ne5 Re8 20. Nc6 Qd7 21. Rxe8+ Rxe8 22. Nxa7 Re2 23. Qxb6 Rxa2 24. Nc6 g6 25. Re1 Nc4 26. Qb3 1-0

[Event "GER-ch Seniors 21st"]
[Site "Dresden"]
[Date "2009.08.10"]
[Round "9"]
[White "Budt, Karl Heinz"]
[Black "Groschup, Gerhard"]
[Result "1-0"]
[WhiteElo "2147"]
[BlackElo "1846"]
[PlyCount "61"]
[EventDate "2009.08.03"]
[EventType "swiss"]
[EventRounds "9"]
[EventCountry "GER"]
[SourceTitle "CBM 131 Extra"]
[Source "ChessBase"]
[SourceDate "2009.09.03"]
[SourceVersion "2"]
[SourceVersionDate "2009.09.16"]
[SourceQuality "1"]

1. d4 Nf6 2. c4 g6 3. Nc3 Bg7 4. e4 d6 5. Be2 0-0 6. Nf3 Nbd7 7. Be3 c5 8. d5 Ng4 9. Bd2 Nge5 10. 0-0 Nxf3+ 11. Bxf3 Ne5 12. Be2 a6 13. f4 Nd7 14. Qc2 Bd4+ 15. Kh1 e6 16. f5 exf5 17. exf5 Ne5 18. Bh6 Bxf5 19. Rxf5 gxf5 20. Bxf8 Qxf8 21. Qxf5 Qh6 22. Ne4 Ng6 23. Rf1 Be5 24. Nf6+ Kh8 25. Ng4 Qh4 26. Nxe5 Nxe5 27. Rf4 Qe7 28. Bd3 Nxd3 29. Qxd3 Re8 30. Qc3+ Qe5 31. Re4 1-0

[Event "GER-ch Seniors 21st"]
[Site "Dresden"]
[Date "2009.08.05"]
[Round "4"]
[White "Budt, Karl Heinz"]
[Black "Fassmann, Klaus Juergen"]
[Result "1-0"]
[WhiteElo "2147"]
[BlackElo "2028"]
[PlyCount "67"]
[EventDate "2009.08.03"]
[EventType "swiss"]
[EventRounds "9"]
[EventCountry "GER"]
[SourceTitle "CBM 131 Extra"]
[Source "ChessBase"]
[SourceDate "2009.09.03"]
[SourceVersion "2"]
[SourceVersionDate "2009.09.16"]
[SourceQuality "1"]

1. d4 e6 2. c4 d5 3. Nc3 c5 4. cxd5 exd5 5. Nf3 Nc6 6. g3 Nf6 7. Bg2 Be7 8. 0-0 0-0 9. b3 Be6 10. Bb2 Ne4 11. dxc5 Bxc5 12. Rc1 Nxc3 13. Bxc3 d4 14. Bb2 Qd6 15. Ng5 Bf5 16. Ne4 Bxe4 17. Bxe4 Ba3 18. Bxa3 Qxa3 19. Bxc6 bxc6 20. Qd2 Rad8 21. Rxc6 Rd5 22. Rfc1 a5 23. Rc8 Qb4 24. Qd3 Rdd8 25. Rxd8 Rxd8 26. Rc4 Qe1+ 27. Kg2 Qa1 28. Ra4 g6 29. Rxa5 Re8 30. Ra7 Qc3 31. Qf3 Rf8 32. Qxc3 dxc3 33. Rc7 Ra8 34. Rxc3 1-0

[Event "GER-ch Seniors 21st"]
[Site "Dresden"]
[Date "2009.08.04"]
[Round "3"]
[White "Postler, Reinhard"]
[Black "Budt, Karl Heinz"]
[Result "1-0"]
[WhiteElo "2303"]
[BlackElo "2147"]
[PlyCount "87"]
[EventDate "2009.08.03"]
[EventType "swiss"]
[EventRounds "9"]
[EventCountry "GER"]
[SourceTitle "CBM 131 Extra"]
[Source "ChessBase"]
[SourceDate "2009.09.03"]
[SourceVersion "2"]
[SourceVersionDate "2009.09.16"]
[SourceQuality "1"]

1. e4 e6 2. d4 d5 3. Nd2 Nf6 4. e5 Nfd7 5. f4 c5 6. c3 Nc6 7. Ndf3 cxd4 8. cxd4 Nb6 9. Bd3 Bd7 10. Ne2 Rc8 11. a3 a5 12. 0-0 Be7 13. Qe1 f5 14. g4 fxg4 15. Ng5 Bxg5 16. fxg5 Ne7 17. g6 hxg6 18. Bg5 Rh3 19. Bxg6+ Nxg6 20. Bxd8 Kxd8 21. Qxa5 Rb3 22. Qd2 Ne7 23. Qg5 Rc2 24. Rf7 Nbc8 25. Rc1 Rbxb2 26. Rxc2 Rxc2 27. Nf4 Rc1+ 28. Kf2 Rc2+ 29. Ke1 Rxh2 30. Rxe7 Nxe7 31. Ng6 Rh1+ 32. Kf2 g3+ 33. Kg2 Rb1 34. Qxe7+ Kc8 35. Nf8 Bc6 36. Nxe6 Kb8 37. Kxg3 g6 38. Qd8+ Ka7 39. Qa5+ Kb8 40. Qc7+ Ka7 41. Nd8 Rb3+ 42. Kf4 Rb6 43. Nxc6+ Rxc6 44. Qxc6 1-0

[Event "Bad Bevensen Seniors op 12th"]
[Site "Bad Bevensen"]
[Date "2009.07.11"]
[Round "5"]
[White "Gerhards, Walter"]
[Black "Budt, Karl Heinz"]
[Result "0-1"]
[WhiteElo "1799"]
[BlackElo "2010"]
[PlyCount "144"]
[EventDate "2009.07.07"]
[EventType "swiss"]
[EventRounds "9"]
[EventCountry "GER"]
[SourceTitle "EXT 2022"]
[Source "ChessBase"]
[SourceDate "2021.10.06"]
[SourceVersion "1"]
[SourceVersionDate "2021.10.06"]
[SourceQuality "1"]

1. e4 c5 2. Nf3 e6 3. d4 cxd4 4. Nxd4 Nf6 5. Nc3 Nc6 6. Ndb5 d6 7. a4 a6 8. Na3 d5 9. exd5 exd5 10. Bd3 Bc5 11. 0-0 Be6 12. Ne2 Qb6 13. Nf4 0-0 14. h3 Ne5 15. c3 Nxd3 16. Qxd3 a5 17. Nb5 Rfe8 18. Rb1 Bxf2+ 19. Rxf2 Bf5 20. Be3 Bxd3 21. Bxb6 Bxb1 22. Rf1 Bc2 23. Nc7 Bxa4 24. Nxa8 Rxa8 25. Re1 Bc6 26. Ra1 a4 27. Nd3 Re8 28. Nb4 Re2 29. Nxc6 bxc6 30. Rxa4 h5 31. b4 Ne4 32. Bd4 h4 33. Ra6 Re1+ 34. Kh2 Ng3 35. Bg1 f5 36. Rxc6 f4 37. Rc8+ Kf7 38. Rc7+ Kg6 39. Rd7 f3 40. Rd6+ Kh7 41. gxf3 Re2+ 42. Bf2 Rxf2+ 43. Kg1 Rxf3 44. Rxd5 Rxc3 45. Kg2 Rb3 46. b5 Ne2 47. Rh5+ Kg8 48. Rxh4 Rxb5 49. Re4 Rg5+ 50. Kf2 Nc3 51. Rc4 Nd5 52. Kf3 Kh7 53. h4 Rg1 54. Ra4 Nf6 55. Rb4 Kh6 56. Rb6 Kh5 57. Rb5+ Kxh4 58. Rb8 Kg5 59. Kf2 Rg4 60. Ra8 g6 61. Rb8 Ra4 62. Rb6 Ra3 63. Rc6 Ne4+ 64. Kg2 Kf5 65. Rc8 Kf4 66. Rf8+ Kg4 67. Rb8 Ra2+ 68. Kg1 g5 69. Rb4 Kf4 70. Rb8 g4 71. Rb3 Nd2 72. Rb4+ Kg3 0-1

[Event "Niedersachsen-ch Seniors op 11th"]
[Site "Bad Bevensen"]
[Date "2008.07.16"]
[Round "9"]
[White "Budt, Karl Heinz"]
[Black "Tepel, Juergen"]
[Result "1-0"]
[WhiteElo "1959"]
[BlackElo "1812"]
[PlyCount "69"]
[EventDate "2008.07.08"]
[EventType "swiss"]
[EventRounds "9"]
[EventCountry "GER"]
[SourceTitle "EXT 2022"]
[Source "ChessBase"]
[SourceDate "2021.10.06"]
[SourceVersion "1"]
[SourceVersionDate "2021.10.06"]
[SourceQuality "1"]

1. Nf3 e6 2. d4 f5 3. e3 Nf6 4. Bd3 b6 5. 0-0 Bb7 6. c4 Be7 7. Nc3 0-0 8. Re1 Ne4 9. Qc2 d5 10. cxd5 exd5 11. Qb3 c5 12. dxc5 Nxc5 13. Qc2 Nxd3 14. Qxd3 Na6 15. b3 Rc8 16. Bb2 Bf6 17. Rac1 Qd7 18. Red1 Rfd8 19. Nd4 g6 20. Nce2 Rxc1 21. Rxc1 Nc5 22. Qd1 Ba6 23. Nf4 Be5 24. b4 Ne4 25. Rc6 Bb7 26. Nxg6 Bg7 27. Re6 Re8 28. Rxe8+ Qxe8 29. Nf4 Qf7 30. Qc2 Nd6 31. Nde6 Bxb2 32. Qxb2 Nc4 33. Qd4 b5 34. Qxa7 Qf6 35. Qb8+ 1-0

[Event "Bad Woerishofen Seniors op 24th"]
[Site "Bad Woerishofen"]
[Date "2008.03.06"]
[Round "8"]
[White "Groenegress, Wilfried"]
[Black "Budt, Karl Heinz"]
[Result "1/2-1/2"]
[WhiteElo "2201"]
[BlackElo "2143"]
[PlyCount "24"]
[EventDate "2008.02.28"]
[EventType "swiss"]
[EventRounds "9"]
[EventCountry "GER"]
[SourceTitle "EXT 2019"]
[Source "ChessBase"]
[SourceDate "2018.10.10"]
[SourceVersion "1"]
[SourceVersionDate "2018.10.10"]
[SourceQuality "1"]

1. e4 e6 2. d4 d5 3. Nc3 Nf6 4. Bg5 Be7 5. e5 Ne4 6. Nxe4 Bxg5 7. Nxg5 Qxg5 8. Nf3 Qe7 9. c3 Nc6 10. Bd3 Bd7 11. Qe2 0-0-0 12. 0-0-0 f5 1/2-1/2

[Event "Bad Woerishofen Seniors op 24th"]
[Site "Bad Woerishofen"]
[Date "2008.03.04"]
[Round "6"]
[White "Ziltener, Werner"]
[Black "Budt, Karl Heinz"]
[Result "0-1"]
[WhiteElo "2115"]
[BlackElo "2143"]
[PlyCount "76"]
[EventDate "2008.02.28"]
[EventType "swiss"]
[EventRounds "9"]
[EventCountry "GER"]
[SourceTitle "EXT 2019"]
[Source "ChessBase"]
[SourceDate "2018.10.10"]
[SourceVersion "1"]
[SourceVersionDate "2018.10.10"]
[SourceQuality "1"]

1. d4 d5 2. Nf3 e6 3. c4 c6 4. Nc3 dxc4 5. a4 Bb4 6. e3 b5 7. Bd2 a5 8. axb5 Bxc3 9. Bxc3 cxb5 10. b3 Bb7 11. bxc4 b4 12. Bb2 Nf6 13. Bd3 0-0 14. 0-0 Nbd7 15. Qc2 Qc7 16. e4 e5 17. h3 exd4 18. Nxd4 Nc5 19. Nb5 Qd8 20. Rfd1 Nxd3 21. Rxd3 Bxe4 22. Rxd8 Bxc2 23. Rd2 Bb3 24. Rd4 Rfc8 25. Nd6 Rd8 26. c5 Be6 27. Rc1 Ne8 28. Nb5 Rxd4 29. Nxd4 a4 30. Nxe6 fxe6 31. Rc4 a3 32. Rxb4 axb2 33. Rb3 Rc8 34. Rb5 Kf7 35. Kf1 Rc6 36. Ke2 Nc7 37. Ra5 e5 38. Kd3 Ra6 0-1

[Event "Chiemgau Seniors Cup 3th"]
[Site "Bergen"]
[Date "2007.10.26"]
[Round "5"]
[White "Klein, Leo"]
[Black "Budt, Karl Heinz"]
[Result "1-0"]
[WhiteElo "1896"]
[BlackElo "1988"]
[PlyCount "83"]
[EventDate "2007.10.22"]
[EventType "swiss"]
[EventRounds "9"]
[EventCountry "GER"]
[SourceTitle "EXT 2008"]
[Source "ChessBase"]
[SourceDate "2007.11.25"]
[SourceVersion "1"]
[SourceVersionDate "2007.11.25"]
[SourceQuality "1"]

1. d4 Nf6 2. Nf3 e6 3. Bf4 b6 4. e3 Bb7 5. Nbd2 Be7 6. h3 0-0 7. Bd3 c5 8. 0-0 Nc6 9. c3 cxd4 10. exd4 d6 11. Ne4 e5 12. dxe5 dxe5 13. Nxf6+ Bxf6 14. Bg3 Qe7 15. Qc2 g6 16. Rfe1 Rac8 17. Qe2 Rfe8 18. Be4 Qc7 19. Bd5 Rcd8 20. Qc4 Rxd5 21. Qxd5 Na5 22. Qd1 Nc4 23. b3 Nd6 24. Nxe5 Bxe5 25. Rxe5 Rd8 26. Qe1 Qc6 27. f3 Nf5 28. Bf2 Kg7 29. Rd1 Rxd1 30. Qxd1 f6 31. Re1 h5 32. Qd3 Qc7 33. Rd1 Bc6 34. Qd6 Qb7 35. Qe6 h4 36. Bd4 Bxf3 37. Qxf6+ Kh6 38. Qh8+ Kg5 39. Bf6+ Kf4 40. Rf1 Qd7 41. Rxf3+ Ke4 42. Qa8+ 1-0

[Event "GER-ch Seniors Gp-A 19th"]
[Site "Templin"]
[Date "2007.08.25"]
[Round "3"]
[White "Bakhmatov, Eduard"]
[Black "Budt, Karl Heinz"]
[Result "1-0"]
[WhiteElo "2239"]
[BlackElo "1975"]
[PlyCount "71"]
[EventDate "2007.08.23"]
[EventType "swiss"]
[EventRounds "9"]
[EventCountry "GER"]
[SourceTitle "EXT 2022"]
[Source "ChessBase"]
[SourceDate "2021.10.06"]
[SourceVersion "1"]
[SourceVersionDate "2021.10.06"]
[SourceQuality "1"]

1. e4 e6 2. d4 d5 3. Nc3 Nf6 4. e5 Nfd7 5. Nf3 c5 6. dxc5 Nc6 7. Bf4 Bxc5 8. Bd3 a6 9. 0-0 Be7 10. Re1 Nc5 11. Bf1 0-0 12. Qd2 f5 13. exf6 Bxf6 14. Bg5 Bxc3 15. bxc3 Qa5 16. c4 Qxd2 17. Bxd2 Rxf3 18. gxf3 Nd4 19. Red1 Nxf3+ 20. Kg2 Nh4+ 21. Kh1 Ne4 22. Be3 e5 23. Rxd5 Bg4 24. Rxe5 Bf3+ 25. Kg1 Ng6 26. Rd5 Nc3 27. Rd2 Ne4 28. Rd7 Ne5 29. Re7 Ng6 30. Rc7 Re8 31. Rb1 Nc3 32. Rb3 Re4 33. h3 Ne2+ 34. Bxe2 Bxe2 35. Rbxb7 Re6 36. Rxg7+ 1-0

[Event "Sachsen-ch Seniors"]
[Site "Dresden"]
[Date "2007.08.??"]
[Round "8"]
[White "Packroff, Hermann"]
[Black "Budt, Karl Heinz"]
[Result "1/2-1/2"]
[WhiteElo "2196"]
[BlackElo "2124"]
[PlyCount "40"]
[EventDate "2007.07.28"]
[EventType "swiss"]
[EventRounds "9"]
[EventCountry "GER"]
[SourceTitle "EXT 2008"]
[Source "ChessBase"]
[SourceDate "2007.11.25"]
[SourceVersion "1"]
[SourceVersionDate "2007.11.25"]
[SourceQuality "1"]

1. d4 d5 2. Nf3 e6 3. c4 c6 4. e3 Nf6 5. Nc3 a6 6. a4 dxc4 7. Bxc4 c5 8. 0-0 Be7 9. Qe2 0-0 10. Rd1 Nc6 11. dxc5 Qc7 12. e4 Bxc5 13. h3 Ne5 14. Nxe5 Qxe5 15. Be3 Bxe3 16. Qxe3 Qc7 17. Ba2 Qa5 18. f4 e5 19. Nd5 Nxd5 20. Bxd5 exf4 1/2-1/2

[Event "Niedersachsen-ch Seniors op 10th"]
[Site "Bad Bevensen"]
[Date "2007.07.08"]
[Round "6"]
[White "Budt, Karl Heinz"]
[Black "Hellwege, Werner"]
[Result "1-0"]
[WhiteElo "1943"]
[BlackElo "1884"]
[PlyCount "41"]
[EventDate "2007.07.03"]
[EventType "swiss"]
[EventRounds "9"]
[EventCountry "GER"]
[SourceTitle "EXT 2022"]
[Source "ChessBase"]
[SourceDate "2021.10.06"]
[SourceVersion "1"]
[SourceVersionDate "2021.10.06"]
[SourceQuality "1"]

1. d4 d5 2. c4 e6 3. Nc3 Nf6 4. Bg5 Be7 5. e3 c6 6. Nf3 Nbd7 7. Qc2 0-0 8. Rd1 Re8 9. Bd3 Nf8 10. 0-0 Ng6 11. Ne5 Nd7 12. Bxe7 Qxe7 13. f4 f5 14. cxd5 cxd5 15. Nb5 Ndxe5 16. dxe5 Bd7 17. Nd6 Reb8 18. Rc1 Qd8 19. Qc7 Bc6 20. Qf7+ Kh8 21. Qxe6 1-0

[Event "Niedersachsen-ch Seniors op 10th"]
[Site "Bad Bevensen"]
[Date "2007.07.06"]
[Round "4"]
[White "Budt, Karl Heinz"]
[Black "Kollberg, Lothar"]
[Result "0-1"]
[WhiteElo "1943"]
[BlackElo "2150"]
[PlyCount "110"]
[EventDate "2007.07.03"]
[EventType "swiss"]
[EventRounds "9"]
[EventCountry "GER"]
[SourceTitle "EXT 2022"]
[Source "ChessBase"]
[SourceDate "2021.10.06"]
[SourceVersion "1"]
[SourceVersionDate "2021.10.06"]
[SourceQuality "1"]

1. d4 g6 2. c4 Bg7 3. e4 d6 4. Nc3 Nf6 5. f3 0-0 6. Be3 b6 7. Bd3 Bb7 8. Nh3 c5 9. d5 e6 10. 0-0 exd5 11. cxd5 a6 12. a4 Nbd7 13. Nf2 Re8 14. Bg5 h6 15. Bh4 g5 16. Bg3 Nf8 17. f4 gxf4 18. Bxf4 Ng6 19. Ng4 Nxf4 20. Rxf4 Nh5 21. Rxf7 Kxf7 22. Nxh6+ Bxh6 23. Qxh5+ Kg7 24. Rf1 Rf8 25. Qg4+ Qg5 26. Qd7+ Kh8 27. Qxd6 Qe3+ 28. Kh1 Rxf1+ 29. Bxf1 Rf8 30. Qe5+ Bg7 31. Qh5+ Kg8 32. Qd1 Bc8 33. d6 Be6 34. Nd5 Bxd5 35. Qxd5+ Kh7 36. Qh5+ Bh6 37. Qd1 Qc1 38. Qxc1 Bxc1 39. Bd3 Bxb2 40. e5+ Kg7 41. e6 Bf6 42. Bxa6 Rd8 43. d7 Be7 44. g3 Kf6 45. Bc4 Ke5 46. Kg2 Kd4 47. Bb5 c4 48. Kf3 Rf8+ 49. Ke2 Rf6 50. d8Q+ Bxd8 51. Bd7 c3 52. Kd1 Rf2 53. h4 c2+ 54. Kc1 Kc3 55. Bb5 Rd2 0-1

[Event "Niedersachsen-ch Seniors op 10th"]
[Site "Bad Bevensen"]
[Date "2007.07.04"]
[Round "2"]
[White "Budt, Karl Heinz"]
[Black "Schwanke, Gerhard"]
[Result "1-0"]
[WhiteElo "1943"]
[BlackElo "1744"]
[PlyCount "57"]
[EventDate "2007.07.03"]
[EventType "swiss"]
[EventRounds "9"]
[EventCountry "GER"]
[SourceTitle "EXT 2022"]
[Source "ChessBase"]
[SourceDate "2021.10.06"]
[SourceVersion "1"]
[SourceVersionDate "2021.10.06"]
[SourceQuality "1"]

1. c4 Nf6 2. d4 e6 3. Nf3 b6 4. e3 Bb7 5. Bd3 Bb4+ 6. Bd2 Qe7 7. 0-0 Be4 8. Bxe4 Nxe4 9. Bc1 Qd8 10. Qc2 f5 11. c5 bxc5 12. a3 Ba5 13. dxc5 c6 14. b4 Bc7 15. Bb2 0-0 16. Nbd2 Nxd2 17. Qxd2 Qe7 18. Be5 Bxe5 19. Nxe5 Rd8 20. Rfd1 Na6 21. Nxd7 Rac8 22. Qd6 Qe8 23. b5 Nb8 24. bxc6 Rxc6 25. Nf6+ gxf6 26. Qxd8 Kf7 27. Qxe8+ Kxe8 28. Rab1 Nd7 29. Rd6 1-0